000 00686nam a22002537a 4500
003 UA-OsUOA
001 21138
007 ta
008 20031120b un ||||| |||| 00| 0 ukr d
100 _aЦегельник Я.Х.
090 _a82:929(477)
_bЦ29
942 _cBK
040 _aUA-OsUOA
_bukr
_cUA-OsUOA
_dUA-OsUOA
245 _aУ битвах за возз'єднання і волю
_bНові сторінки про Ярослава Галана
300 _a248 с.
955 _a0
041 _aukr
080 _a82:929(477)
020 _a5-11-000833-7
260 _aЛьвів
_bВища школа
_c1989
044 _aUA
650 7 _2UDC
999 _c307331
_d307331